| 000 | 00709nam a22002175a 4500 | ||
|---|---|---|---|
| 003 | OSt | ||
| 005 | 20180211153329.0 | ||
| 008 | 180211s1978 le grb 001 0 ara d | ||
| 040 |
_aEG-ScBUE _bara _cEG-ScBUE |
||
| 082 | 0 | 4 |
_a297.14 _bم ا ل _222 |
| 100 | 1 |
_aمالك بن أنس، _d-795. |
|
| 245 | 1 | 2 |
_aالمدونة الكبرى / _cمالك بن أنس الأصبحي. |
| 260 |
_aبيروت : _bدار الفكر، _c1978. |
||
| 300 |
_a4 مج. ؛ _c28 سم. |
||
| 500 | _aيشتمل على كشافات. | ||
| 504 | _aيشتمل على إرجاعات ببليوجرافية. | ||
| 650 | 7 |
_aالفقه المالكي. _2BUEsh _926481 |
|
| 651 | _2BUEsh | ||
| 653 |
_bGGEN _cFebruary2018 |
||
| 942 | _2ddc | ||
| 999 |
_c26135 _d26107 |
||